MARC

LEADER 00000nam^a2200000^a^4500
001 000156443
005 20250521000000.0
009 20260310100504.543
037 |a Acervo ITESO - Biblioteca 
041 |a ESP 
082 |a 972. 35  |b GAL 
100 |a Galindo Gaitán, Manuel  |e (autor) 
245 1 0 |a Estampas de Chapala /  |c M. Galindo Gaitán. 
264 4 |a Guadalajara, México :  |b Ediciones Pacífico,  |c 2003, c2003 
300 |a 2 v. (126, 126 p.) 
336 |a texto  |b txt  |2 rdacontenido 
337 |a sin mediación  |b n  |2 rdamedio 
338 |a volumen  |b nc  |2 rdasoporte 
649 |a XX 
650 |a Imagen Urbana -  |z Chapala, Jalisco -  |x Historia 
650 |a Imagen Urbana -  |z Jalisco -  |x Historia 
650 |a Imagen Urbana -  |z México -  |x Historia 
650 |a Desarrollo Urbano -  |z Chapala, Jalisco -  |x Historia 
650 |a Desarrollo Urbano -  |z Jalisco -  |x Historia 
650 |a Desarrollo Urbano -  |z México -  |x Historia 
650 |a Urbanismo -  |z Chapala, Jalisco -  |x Historia 
650 |a Urbanismo -  |z Jalisco -  |x Historia 
650 |a Urbanismo -  |z México -  |x Historia 
650 |a Arquitectura -  |z Chapala, Jalisco -  |x Historia 
650 |a Arquitectura -  |z Jalisco -  |x Historia 
650 |a Arquitectura -  |z México 
650 |a Pesca -  |z Chapala, Jalisco -  |x Historia 
650 |a Pesca -  |z Jalisco -  |x Historia 
650 |a Pesca -  |z México -  |x Historia 
650 |a Economía -  |z Chapala, Jalisco 
650 |a Economía -  |z Jalisco 
650 |a Economía -  |z México 
650 |a Chapala, Jalisco -  |x Tema Principal 
650 |a Chapala, Jalisco -  |x Fotografías -  |x Tema Principal 
650 |a Jalisco -  |x Fotografías 
650 |a Chapala (Lago) -  |x Historia 
650 |a Chapala, Jalisco -  |x Historia 
910 |a Fondo General 
920 |a Impresos - Libros 
930 |a Reserva Especial 
905 |a 103 
901 |a 0500084651  |b IT1  |c REE  |u 20250521 
901 |a 0500201105  |b IT1  |c REE  |i C128305  |u 20250521 
902 |a https://opac.biblio.iteso.mx/vufind/Record/000156443